Hindī mahākāvya: (Record no. 80608)

MARC details
000 -LEADER
fixed length control field 00733cam a22002411 4500
001 - CONTROL NUMBER
control field sa 68005254
003 - CONTROL NUMBER IDENTIFIER
control field DLC
005 - DATE AND TIME OF LATEST TRANSACTION
control field 20260227112507.0
008 - FIXED-LENGTH DATA ELEMENTS--GENERAL INFORMATION
fixed length control field 820721s1968 ii b 000 0 hinr
010 ## - LIBRARY OF CONGRESS CONTROL NUMBER
LC control number sa 68005254
035 ## - SYSTEM CONTROL NUMBER
System control number (OCoLC)8615510
040 ## - CATALOGING SOURCE
Original cataloging agency DLC
Transcribing agency NcD
Modifying agency NcD
-- DLC
042 ## - AUTHENTICATION CODE
Authentication code premarc
050 00 - LIBRARY OF CONGRESS CALL NUMBER
Classification number PK2040
Item number .G76
100 1# - MAIN ENTRY--PERSONAL NAME
Personal name Gupta, Devi Prashad,
Dates associated with a name 1936-
245 10 - TITLE STATEMENT
Title Hindī mahākāvya:
Remainder of title siddhānta aura mulyāṅkana.
Statement of responsibility, etc. [Lekhaka] Devīprasāda Gupta.
250 ## - EDITION STATEMENT
Edition statement [1. saṃsakaraṇa]
260 ## - PUBLICATION, DISTRIBUTION, ETC.
Place of publication, distribution, etc. Jayapura,
Name of publisher, distributor, etc. Apolo Pablikeśana,
Date of publication, distribution, etc. [1968]
300 ## - PHYSICAL DESCRIPTION
Extent 2, 517 p.
Dimensions 23 cm.
500 ## - GENERAL NOTE
General note In Hindi.
504 ## - BIBLIOGRAPHY, ETC. NOTE
Bibliography, etc. note Includes bibliographical footnotes.
650 #0 - SUBJECT ADDED ENTRY--TOPICAL TERM
Topical term or geographic name entry element Epic poetry, Hindi
General subdivision History and criticism.

No items available.

Powered by Koha